01121nam a22003017a 4500003000400000005001700004008004100021020003000062040003100092050001500123245015400138250001900292260003500311300004900346336002400395337002800419338002500447504005100472650002700523650004600550650003600596700002800632700003000660700003000690700002500720942005500745999001900800OSt20250626114412.0250626b |||||||| |||| 00| 0 eng d a9780702069123 (hardcover) aNUSTbengcNUSTdNUSTerda a RL110 TRE aTreatment of Skin Disease : bComprehensive therapeutic strategies /cedited by Mark G. Lebwohl, Warren R. Heymann, John Berth-Jones and Ian Coulson. aFifth edition. a[ ] :bElsevier,c©2018. axxviii, 923 pages :bIllustrations ;c27 cm. 2rdamediaatextbtxt 2rdamediaaunmediatedbn 2rdamediaavolumebnc aIncludes bibliographical references and index. vMEDICAL Dermatology. vMedicine dermatology  therapeutics. vTechnology medicine & health. aLebwohl, Mark GeEditor aHeymann, Warren ReEditor aBerth-Jones, JohneEditor aCoulson, IaneEditor 2lcccBOOKSeFifth edition.h RL110 TREkRLmTREn0 c172109d172109